Príspevok k syntéze uzavretých číslicových servosystémov s krokovými motormi : Kand.diz.práca : V.odb. 26-15-9 : Obh. 28.04.1983 /

Saved in:
Bibliographic Details
Main Author: Varga, Alexander (Author)
Other Authors: Kalaš, Václav (Thesis advisor)
Format: Manuscript Book
Published: Bratislava : SVŠT v Bratislave EF, 1982
Subjects:
Tags: Add Tag
No Tags, Be the first to tag this record!

MARC

LEADER 00000ntm a22000003a 4500
001 stu5317
005 20150617225810.6
008 ------s1982----------------------------d
040 |a STU  |b slo 
041 0
100 1 |a Varga, Alexander  |4 aut 
245 1 |a Príspevok k syntéze uzavretých číslicových servosystémov s krokovými motormi :  |b Kand.diz.práca : V.odb. 26-15-9 : Obh. 28.04.1983 /  |c [aut.] Varga,Alexander, Ing.; Škol. Kalaš,Václav 
260 |a Bratislava :  |b SVŠT v Bratislave EF,  |c 1982 
300 |a 113 s  |c Autoref.1982, 15 s 
650 7 |a technická kybernetika  |2 stusub 
700 1 |a Kalaš, Václav  |4 ths  |u E010  |T FEI Ústav riadenia a priemyselnej informatiky  |U E010  |Y E010 
996 |b 284ED00841  |c E*KDIZ-390  |l EE01  |s A  |a 24  |w stu5317_0001